Normal view MARC view

Entry Personal Name

Number of records used in: 1

001 - CONTROL NUMBER

  • control field: 1236647

003 - CONTROL NUMBER IDENTIFIER

  • control field: OSt

005 - DATE AND TIME OF LATEST TRANSACTION

  • control field: 20260430150149.0

008 - FIXED-LENGTH DATA ELEMENTS

  • fixed length control field: 260430|| aca||aabn | a|a d

040 ## - CATALOGING SOURCE

  • Original cataloging agency: OSt
  • Transcribing agency: OSt

100 ## - HEADING--PERSONAL NAME

  • Personal name: Gupta Surbhi Au.; Yadav Manisha Gu

670 ## - SOURCE DATA FOUND

  • Source citation: Work cat.: (OSt)1849106: Gupta Surbhi Au.; Yadav Manisha Gu., CRISPR-cas system's functional role in regulation of antibiotic resistance and virulence in uropathogenic E. coli, 2021
Copyright @ Delhi University Library System